Konsepsi pendaraban nombor bulat bagi pelajar tahun tiga /
Saved in:
| Main Author: | |
|---|---|
| Format: | Thesis Book |
| Language: | Malay |
| Published: |
1999.
|
| Tags: |
Add Tag
No Tags, Be the first to tag this record!
|
| LEADER | 00951cam a2200229 a 4500 | ||
|---|---|---|---|
| 001 | u443396 | ||
| 003 | SIRSI | ||
| 008 | 850208s1999 my mt 00 1 may m | ||
| 035 | |a ACH-7606 | ||
| 040 | |a UMM | ||
| 090 | |a LB7 |b UM 1999 Oths | ||
| 100 | 0 | 0 | |a Othman Sodikin. |
| 245 | 1 | 0 | |a Konsepsi pendaraban nombor bulat bagi pelajar tahun tiga / |c Othman B. Sodikin. |
| 260 | |c 1999. | ||
| 300 | |a xv, 258 leaves : |b ill. ; |c 29 cm. | ||
| 502 | |a Dissertation (M.Ed.) -- Fakulti Pendidikan, Universiti Malaya, 1999. | ||
| 504 | |a Bibliography :leaves 211-216 | ||
| 710 | 2 | 0 | |a Universiti Malaya. |b Fakulti Pendidikan. |
| 948 | |a 14/08/1999 |b 07/06/2002 | ||
| 596 | |a 1 8 | ||
| 999 | |a LB7 UM 1999 OTHS |w LC |c 1 |i A510142982 |d 29/10/2017 |e 29/10/2017 |l STACKS |m P01UTAMA |n 18 |r Y |s Y |t TESIS |u 6/2/2001 | ||
| 999 | |a LB7 UM 1999 OTHS |w LC |c 1 |i A511183810 |d 21/9/2018 |e 21/9/2018 |f 24/8/2020 |g 1 |l STACKS |m P08PENDIDI |n 1 |r Y |s Y |t TESIS |u 1/8/2003 |1 AHSS |o .STAFF. Tesis disimpan dalam bilik tesis (Blok D) | ||
